[Event "WC-2015-P-00001"]
[Site "LSS email"]
[Date "2011.02.20"]
[Round "?"]
[White "Wimmer, Jaroslav"]
[Black "Van Tricht, Marcel"]
[Result "0-1"]
[WhiteElo "2029"]
[BlackElo "2256"]
[PlyCount "92"]
[EventDate "2011.02.24"]
[EventType "tourn (corr)"]
[EventRounds "6"]
[EventCountry "GER"]
[SourceTitle "Telechess CBM 155"]
[Source "ChessBase"]
[SourceDate "2013.07.16"]
[SourceVersion "1"]
[SourceVersionDate "2013.07.16"]
[SourceQuality "1"]

1. d4 Nf6 2. Nf3 g6 3. g3 Bg7 4. Bg2 0-0 5. 0-0 d6 6. c4 Nbd7 7. Nc3 e5 8. dxe5 dxe5 9. Be3 c6 10. h3 Qe7 11. Qb3 Ne8 12. Rfd1 f5 13. Rac1 e4 14. Nd4 Kh8 15. Na4 g5 16. Nc2 f4 17. Bd4 Bxd4 18. Nxd4 Ne5 19. Qa3 Qxa3 20. bxa3 Nf6 21. Nc5 Re8 22. g4 Nf7 23. Na4 h5 24. gxh5 Nxh5 25. Nc3 Nf6 26. c5 Re5 27. Rb1 Kh7 28. Rb2 Kg6 29. Nc2 Bf5 30. Rxb7 Rxc5 31. Nd4 Ne5 32. Nxf5 Kxf5 33. Rb3 a5 34. a4 Rg8 35. Rd4 f3 36. exf3 exf3 37. Bf1 g4 38. h4 Rh8 39. Rd6 Ned7 40. Nd1 Ke5 41. Rd2 Rxh4 42. Re3+ Kf4 43. Rd4+ Kg5 44. Nb2 Rd5 45. Rxd5+ cxd5 46. Bb5 Nc5 0-1

[Event "SM-2011-0-00142"]
[Site "LSS email"]
[Date "2011.02.06"]
[Round "?"]
[White "Wimmer, Jaroslav"]
[Black "Zolendowski, Cesary"]
[Result "1/2-1/2"]
[WhiteElo "2264"]
[BlackElo "2230"]
[PlyCount "132"]
[EventDate "2011.01.08"]
[EventType "tourn (corr)"]
[EventRounds "6"]
[EventCountry "GER"]
[SourceTitle "Telechess CBM 149"]
[Source "ChessBase"]
[SourceDate "2012.07.17"]
[SourceVersion "1"]
[SourceVersionDate "2012.07.17"]
[SourceQuality "1"]

1. d4 d5 2. Nf3 c6 3. c4 e6 4. Nc3 Nf6 5. e3 Nbd7 6. Qc2 Bd6 7. Bd3 0-0 8. 0-0 dxc4 9. Bxc4 b5 10. Be2 Bb7 11. Rd1 Qb8 12. e4 e5 13. dxe5 Nxe5 14. Nd4 Ng6 15. g3 Re8 16. f4 b4 17. e5 Nxe5 18. fxe5 Bxe5 19. Na4 c5 20. Nf5 Qc8 21. Bb5 Be4 22. Qf2 Ng4 23. Qf1 Qxf5 24. Qxf5 Bxf5 25. Bxe8 Rxe8 26. Nxc5 h5 27. h3 Nf6 28. Kg2 Rc8 29. Rf1 Bg6 30. Be3 Bxb2 31. Rad1 a5 32. Kf3 Bf5 33. Kg2 g6 34. Na4 Be5 35. Nc5 Bc3 36. Na4 Re8 37. Bb6 Nd5 38. Ba7 Be6 39. Rd3 h4 40. Rfd1 Bf6 41. Rxd5 Bxd5+ 42. Rxd5 Re2+ 43. Kf3 Rxa2 44. Rxa5 Ra3+ 45. Kf2 hxg3+ 46. Kg2 b3 47. Bb6 Kg7 48. Bc7 Kh6 49. Rb5 Rxa4 50. Rxb3 Bh4 51. Bxg3 Bxg3 52. Kxg3 f5 53. Rb8 Kg5 54. Kf3 Ra3+ 55. Kg2 Kh6 56. Rb6 Kh5 57. Rb5 Ra2+ 58. Kg3 Ra4 59. Rb8 f4+ 60. Kf3 Ra3+ 61. Kg2 Rg3+ 62. Kh2 Kg5 63. Rf8 Ra3 64. Kg2 Rb3 65. Rh8 Rg3+ 66. Kf2 Ra3 1/2-1/2